|
|
|
|
| LEADER |
00000nam a22000005a 4500 |
| 001 |
12366 |
| 003 |
CL-ChBUA |
| 005 |
20120815103412.0 |
| 008 |
070301s1973 ag 000 0 spa |
| 040 |
|
|
|a CL-ChBUA
|c CL-ChBUA
|
| 082 |
0 |
0 |
|a 372.5
|
| 090 |
|
|
|c 12366
|d 12366
|
| 100 |
1 |
|
|a Lidstone, John.
|
| 245 |
1 |
0 |
|a Construcciones con cartón
|
| 260 |
|
|
|b Kapelusz.
|c 1973.
|
| 300 |
|
|
|a var. pags.
|c 20 cm.
|
| 504 |
|
|
|a Indice.
|
| 650 |
|
4 |
|a ARTES MANUALES.
|
| 942 |
|
|
|c LIB
|
| 952 |
|
|
|0 0
|1 0
|4 0
|7 0
|9 17616
|a UNACH
|b UNACH
|c 300
|d 2007-03-05
|i 14.868.
|l 0
|o 372.5 / L 712. v.1
|p 18615
|r 2012-12-27 00:00:00
|u 17616
|w 2012-08-08
|y LIB
|k 372.5 / L 712. v.1
|
| 952 |
|
|
|0 0
|1 0
|4 0
|7 0
|9 17617
|a UNACH
|b UNACH
|c 300
|d 2007-03-05
|i 11.632.
|l 0
|o 372.5 / L 712. v.2
|p 18616
|r 2025-03-06 00:00:00
|u 17617
|w 2012-08-08
|y LIB
|k 372.5 / L 712. v.2
|
| 999 |
|
|
|c 12366
|d 12366
|